Cold War in Africa - Mapped (1945 - 1991) - Statistics

General Stats
  • This quiz has been taken 102 times
  • The average score is 9 of 15
Answers on the Map
Answers color-coded by a green-red scale on the quiz's map according to % correct below.
 
Answer Stats
Year Hint Answers % Correct
1956 The Egyptian Government seized control of the _____ Canal from the British and French owned company that managed it. {Suez} Crisis
88%
1961-1991 This was an armed independence movement where insurgents engaged in guerrilla warfare to liberate their nation from the control of the Ethiopian Empire under Haile Selassie and later the Derg under Mengistu. {Eritrean} War for Independence
86%
1967-1970 This was a war which was chiefly fought in southeastern Nigeria, where the secessionist state of Biafra launched a revolutionary war against Nigeria. Ultimately, Nigeria won the war and reincorporated Biafra into the country. {Nigerian} Civil War
83%
1974-1991 This civil war was a military conflict fought between the Ethiopian military junta known as the Derg and Ethiopian-Eritrean anti-government rebels. {Ethiopian} Civil War
82%
1975-2002 This war a protracted armed conflict between the MPLA, a communist armed organization supported by the Soviet Union and Cuba, and other armed groups, most prominently the anti-communist groups UNITA and FNLA, supported by the United States and its allies. {Angolan} Civil War
81%
1960-1965 This was a crisis which began almost immediately after the country became independent from Belgium and ended, unofficially, with the entire country under the rule of Joseph-Désiré Mobutu. {Congo} Crisis
78%
1963-1974 This conflict was an armed independence conflict that took place in Portuguese Guinea, leaded by the organization of PAIGC. {Guinea-Bissau} War for Independence
73%
1964-1979 This conflict pitted the white minority-led government of Ian Smith against guerilla forces such as ZANLA, ZANU and ZAPU in modern day Zimbabwe. {Rhodesian Bush} War
52%
1977-1978 This was a major war in the Ogaden region where the Western Somali Liberation Front (WSLF) waged a guerrilla war against the Ethiopian government. After the war, an estimated 800,000 people crossed the border into Somalia where they would be displaced as refugees for the next 15 years. Ogaden War
47%
1975-ongoing This conflict is an insurgency in the northern exclave of Angola to gain independence. Cabinda War
45%
1978- 1987 This war is well known after Libya invaded its southern neighbor, and with help from France, the southern country defeated Libya, a country with powerful Soviet-era weaponry, with an iconic 400 Toyota pick-up trucks. Chadian-Libyan War
42%
1977-1992 This civil war was fought between the FRELIMO government and the RENAMO it resulted in over 1 million deaths and ended with a peace agreement in 1992, leading to multiparty elections in 1994. {Mozambican} Civil War
39%
1978-1979 This conflict was fought between Uganda and Tanzania and led to the overthrow of Ugandan President Idi Amin. The war was preceded by a deterioration of relations between Uganda and Tanzania following Amin's 1971 overthrow of President Milton Obote, who was close to the President of Tanzania, Uganda-Tanzania War
31%
1966– 1989 This large scale war was a largely asymmetric conflict that occurred in Namibia (then South West Africa), Zambia, and Angola. It was fought between the South African Defence Force (SADF) and the People's Liberation Army of Namibia (PLAN), an armed wing of the South West African People's Organisation (SWAPO). {South African Border} War
30%
1981-1986 This conflict was a civil war fought in Uganda by the official Ugandan government and its armed wing, the Uganda National Liberation Army (UNLA), against a number of rebel groups, most importantly the National Resistance Army (NRA) {Ugandan Bush} War
21%
No matching quizzes found
Score Distribution
Percent of People with Each Score
Percentile by Number Answered
Your Score History
You have not taken this quiz